Szczegóły MARC21

Regulamin Sejmu Polskiej Rzeczypospolitej Ludowej /

003 -Nazwa inst., której nr kontr. jest w polu 001 [,]
    • @
    • Nazwa instytucji, której n kontrolny jest w polu 001
    • NUKAT
005 -DATA I CZAS OSTATNIEJ MODYFIKACJI [,]
    • @
    • pole kontrolne
    • 20241231095635.0
040 -Instytucja sporządzająca opis [ , ]
    • a
    • Instytucja, która sporządziła opis (NP)
    • OLSZT 003/NZ
    • c
    • Instytucja, która sporządziła rekord (NP)
    • OLSZT 003/NZ
    • d
    • Instytucja, która zmodyfikowała rekord (P)
    • OLSZT 003/NZ
    • d
    • Instytucja, która zmodyfikowała rekord (P)
    • OLSZT 003/KBs
    • d
    • Instytucja, która zmodyfikowała rekord (P)
    • Ł U/AG
041 -Język dokumentu [0, ]
    • a
    • Język tekstu (P)
    • polski
    • b
    • Język streszczeń lub abstraktu (P)
    • francuski
    • b
    • Język streszczeń lub abstraktu (P)
    • rosyjski
942 -Rodzaj dokumentu [ , ]
    • c
    • Rodzaj dokumentu
    • Książka
100 -Hasło główne - nazwa osobowa [1, ]
    • a
    • Nazwa osobowa (NP)
    • Repel, Józef
    • d
    • Daty biograficzne (NP)
    • (1943- ).
    • 9
    • KHW
    • 411560
245 -Strefa tytułu i oznaczenia odpowiedzialności [1,0]
    • a
    • Tytuł
    • Regulamin Sejmu Polskiej Rzeczypospolitej Ludowej / Find
    • c
    • Pozostałe elementy strefy tytułu i oznaczenia odpowiedzialności (NP)
    • Józef Repel.
260 -Strefa adresu wydawniczego [ , ]
    • a
    • Miejsce wydania (P)
    • Wrocław :
    • b
    • Nazwa wydawcy (P)
    • Wydawnictwa Uniwersytetu Wrocławskiego,
    • c
    • Data wydania (P)
    • 1978.
300 -Strefa opisu fizycznego [ , ]
    • a
    • Określenie formy książki i/lub objętość (NP)
    • 238 s. ;
    • c
    • Format (NP)
    • 24 cm.
336 -Typ zawartości [ , ]
    • a
    • Termin opisujący typ zawartości
    • Tekst
    • b
    • Kod określający zawartość
    • txt
    • 2
    • Źródło (terminu i kodu)
    • rdacontent
337 -Typ mediów [ , ]
    • a
    • Tryb odtwarzania
    • Bez urządzenia pośredniczącego
    • b
    • Kod typu mediów
    • n
    • 2
    • Źródło (terminu i kodu)
    • rdamedia
338 -Typ/rodzaj nośnika [ , ]
    • a
    • Hasło opisujące typ nośnika
    • Wolumin
    • b
    • Kod typu nośnika
    • nc
    • 2
    • Źródło (terminu i kodu)
    • rdacarrier
490 -Strefa serii i książki wielotomowej - forma nie do wyszukiwania [1, ]
    • a
    • Tytuł (P)
    • Acta Universitatis Wratislaviensis. Prawo ; Find
    • v
    • Numeracja (P)
    • 61
830 -Hasło dodatkowe serii i opisu książki wielotomowej - tytuł ujednolicony/tytuł [ ,0]
    • a
    • Tytuł ujednolicony/tytuł (NP)
    • Acta Universitatis Wratislaviensis
    • x
    • ISSN
    • 0239-6661
    • v
    • Oznaczenie tomu (NP)
    • nr 347
    • 9
    • KHW
    • 49
830 -Hasło dodatkowe serii i opisu książki wielotomowej - tytuł ujednolicony/tytuł [ ,0]
    • a
    • Tytuł ujednolicony/tytuł (NP)
    • Acta Universitatis Wratislaviensis.
    • p
    • Nazwa części/podserii/sekcji (P)
    • Prawo
    • x
    • ISSN
    • 0524-4544
    • v
    • Oznaczenie tomu (NP)
    • 61
    • 9
    • KHW
    • 54
500 -Uwaga ogólna [ , ]
    • a
    • Uwaga ogólna (NP)
    • W serii gł.: no 347.
504 -Uwaga dot. bibliogr. załącznikowej [ , ]
    • a
    • Uwaga dot. bibliografii załącznikowej
    • Bibliogr. s. [213]-221.
546 -Uwaga dot. języka [ , ]
    • a
    • Uwaga dot. języka
    • Streszcz. fr. i ros.
610 -Hasło przedmiotowe w formie nazwy ciała zbiorowego [1,7]
    • a
    • Nazwa ciała zbiorowego lub nazwa geograficzna
    • Polska.
    • b
    • Nazwa jednostki podrzędnej
    • Sejm Rzeczypospolitej Polskiej (1922-1939)
    • v
    • Określnik formalny
    • regulaminy i procedura.
    • 2
    • Źródło terminu
    • kaba
    • 9
    • KHW
    • 411645
710 -Hasło dodatkowe - nazwa ciała zbiorowego [2, ]
    • a
    • Nazwa ciała zbiorowego lub nazwa geograficzna jako pierwszy element (NP)
    • Uniwersytet Wrocławski im. Bolesława Bieruta.
    • b
    • Nazwa jednostki podrzędnej (P)
    • Wydawnictwo.
    • 4
    • Kod relacji
    • pbl
    • 9
    • KHW
    • 62467
931 -Powiązanie tyt. z wydaw. ciągłym [ , ]
    • a
    • Powiązanie tytułówki z wydaw. ciągłym
    • PATRZ WYDAWNICTWO CIĄGŁE
    • z
    • Numer rek. powiązanego
    • 119645